| 000 | 00726nam a2200229 a 4500 | ||
|---|---|---|---|
| 999 |
_c1385 _d1385 |
||
| 001 | 10996 | ||
| 003 | BD-DhUAP | ||
| 005 | 20210120151825.0 | ||
| 008 | 200206s2007 bg l f001 0 eng d | ||
| 040 |
_aBD-DhUAP _cBD-DhUAP _dBD-DhUAP _bEng |
||
| 082 | 0 | 0 |
_a348.5492022 BAN _223 |
| 245 | 1 | 4 |
_aThe Bangladesh code : _bE. P. No. IX of 1964 to A. P. O. No. 3 of 1971. |
| 260 |
_aDhaka : _bMinistry of Law, Justice and Parliamentary Affairs, _c2007. |
||
| 300 |
_avolumes ; _c24 cm. |
||
| 505 | _aV. 14-- | ||
| 546 | _aEnglish and Bengali. | ||
| 650 | 0 |
_aLaw _zBangladesh. |
|
| 710 | _aGovernment of the peoples republic of Bangladesh. | ||
| 942 |
_2ddc _cBK |
||